Estatísticas para O maior de cada seleção

Clique aqui para jogar o quiz

Estatísticas Gerais

  • Esse quiz foi jogado 10 vezes
  • A pontuação média é 3 de 6

Estatísticas das Respostas

HintResposta% Correto
BrasilBolsonaro
86%
RussiaPutin
86%
PortugalJorge Jesus
57%
ArgentinaNarcos
43%
InglaterraThomas shelby
43%
EspanhaProfessor la casa de papel
29%

Distribuição das Pontuações

Percentil de Números Respondidos

Porcentagem de Pessoas com Cada Pontuação

Sua Pontuação Histórica

Você não jogou esse quiz